Civilization V - General Knowledge #1 - Statistics

General Stats
  • This quiz has been taken 19 times
  • The average score is 10 of 15
Answer Stats
Hint Answer % Correct
Who is the leader of the English Civ? Elizabeth
100%
What is the last technology you can research in the tech tree? Future Tech
91%
Which Civ is Sejong the leader of? Korea
91%
Which Civ is infamous for not being able to gain nor produce settlers? Venice
91%
How many uranium resources do you need to build a nuclear missile? 2
82%
Luxuries such as silk, cotton and incense require which tile improvement? Plantation
82%
Which Civ has the Cossack as its unique mounted unit? Russia
73%
What is the first technology you obtain as soon as you found your original capital? Agriculture
64%
Apart from a shrine, which building can you construct with the pottery technology? Granary
64%
Offshore oil platforms require which technology to be constructed? Refrigeration
64%
Which National Wonder requires a market in all cities? East India Company
55%
What is the Ottoman's unique mounted unit? Sipahi
55%
What is the unique building of the Siamese Civ? Wat
55%
What is the name of the Japan Civ's unique ability? Bushido
45%
Which leader places a helmet on his head during times of war? Harald Bluetooth
36%
No matching quizzes found
Score Distribution
Percent of People with Each Score
Percentile by Number Answered
Your Score History
You have not taken this quiz